00824cam a2200229 a 450000100100000000500170001000800410002702000150006804000230008308200180010610000430012424500520016726000360021930000210025549000400027665000280031665000310034483000490037591000340042495201210045899900150057900000801220200929154407.0890809s1989 sp 000 f spa  a8476390939 aDO-SdBNPcDLCdDLC a863.64bL358t1 aLatorre, José María,d1945-92190114aLas trece campanadas /cJosé María Latorre. aBarcelona :bMontesinos,c1989. a187 p. ;c20 cm.1 aVisio Tundali / Contemporaneosv121 4aNovela española91123 4aLiteratura española9632 0aVisio Tundali / Contemporaneos ;v121921902 aCatalogación por copia / LC 001052708MOaGRbGRcCTd2009-10-07iLF1l0o863.64 L358tp8012-10r2020-06-25w2020-06-25y2ZPréstamo interno c7789d7789